[Event "Oberliga Sued W 2324"]
[Site "Germany"]
[Date "2024.01.14"]
[Round "5.7"]
[White "Morgenthaler, Nick"]
[Black "Leuranguer, Yannick"]
[Result "1/2-1/2"]
[WhiteElo "1804"]
[BlackElo "2192"]
[PlyCount "51"]
[EventDate "2023.09.17"]
[EventType "team-tourn"]
[EventRounds "9"]
[EventCountry "GER"]
[SourceTitle "EXT 2025"]
[Source "ChessBase"]
[SourceDate "2024.10.14"]
[SourceVersion "1"]
[SourceVersionDate "2024.10.14"]
[SourceQuality "1"]
[WhiteTeam "Frankenthal"]
[BlackTeam "Landau"]
[WhiteTeamCountry "GER"]
[BlackTeamCountry "GER"]

1. d4 d5 2. c4 e6 3. Nf3 Nf6 4. g3 Be7 5. Bg2 0-0 6. Qc2 b6 7. 0-0 Bb7 8. Rd1 dxc4 9. Qxc4 c5 10. Nc3 Qc8 11. Bg5 cxd4 12. Qxc8 Rxc8 13. Nxd4 Bxg2 14. Kxg2 Nc6 15. Nxc6 Rxc6 16. Rac1 Rac8 17. Ne4 Rxc1 18. Rxc1 Rxc1 19. Nxf6+ Bxf6 20. Bxc1 Kf8 21. Kf3 Ke7 22. Ke3 Kd6 23. Kd3 Kc5 24. Be3+ Kb4 25. Bd2+ Kc5 26. Be3+ 1/2-1/2

[Event "Oberliga Sued W 2223"]
[Site "Germany"]
[Date "2023.04.30"]
[Round "9.1"]
[White "Leuranguer, Yannick"]
[Black "Huschens, Matthias"]
[Result "1/2-1/2"]
[WhiteElo "2232"]
[BlackElo "2083"]
[PlyCount "43"]
[EventDate "2022.10.23"]
[EventType "team-tourn"]
[EventRounds "9"]
[EventCountry "GER"]
[SourceTitle "EXT 2025"]
[Source "ChessBase"]
[SourceDate "2024.10.14"]
[SourceVersion "1"]
[SourceVersionDate "2024.10.14"]
[SourceQuality "1"]
[WhiteTeam "Landau"]
[BlackTeam "Kaiserslautern"]
[WhiteTeamCountry "GER"]
[BlackTeamCountry "GER"]

1. e4 c5 2. c3 d5 3. exd5 Qxd5 4. d4 g6 5. Nf3 Bg7 6. Be3 cxd4 7. cxd4 Qa5+ 8. Nc3 Nh6 9. Bc4 0-0 10. 0-0 Nf5 11. a3 e6 12. b4 Qd8 13. Qb3 Nc6 14. Rad1 Nce7 15. d5 Nxe3 16. fxe3 exd5 17. Nxd5 Nxd5 18. Bxd5 Qe7 19. e4 Kh8 20. Qe3 Be6 21. Qf4 a5 22. Bxe6 1/2-1/2

[Event "Oberliga Sued W 2223"]
[Site "Germany"]
[Date "2023.03.19"]
[Round "7.1"]
[White "Bastian, Herbert"]
[Black "Leuranguer, Yannick"]
[Result "1-0"]
[WhiteElo "2246"]
[BlackElo "2232"]
[PlyCount "135"]
[EventDate "2022.10.23"]
[EventType "team-tourn"]
[EventRounds "9"]
[EventCountry "GER"]
[SourceTitle "EXT 2025"]
[Source "ChessBase"]
[SourceDate "2024.10.14"]
[SourceVersion "1"]
[SourceVersionDate "2024.10.14"]
[SourceQuality "1"]
[WhiteTeam "Saarbruecken SVG"]
[BlackTeam "Landau"]
[WhiteTeamCountry "GER"]
[BlackTeamCountry "GER"]

1. e4 e6 2. d4 d5 3. e5 c5 4. c3 Qb6 5. Nf3 Nc6 6. a3 c4 7. Nbd2 f6 8. Be2 fxe5 9. Nxe5 Nf6 10. Ndf3 Bd6 11. 0-0 0-0 12. Rb1 Qc7 13. Re1 Nxe5 14. dxe5 Bxe5 15. Nxe5 Qxe5 16. Bxc4 Qd6 17. Qd4 Qb6 18. Qxb6 axb6 19. Bd3 Bd7 20. Be3 b5 21. Bd4 Rfe8 22. h3 Bc6 23. Re3 Ne4 24. Be5 Nc5 25. Bc2 Nd7 26. Bd4 e5 27. Rbe1 e4 28. f3 Ne5 29. fxe4 Nc4 30. Rg3 Re7 31. e5 Rae8 32. e6 g6 33. h4 Rxe6 34. Rxe6 Rxe6 35. h5 Kf7 36. h6 Nd6 37. Rf3+ Ke8 38. Bg7 Kd7 39. Rf8 Re8 40. Kf2 Rxf8+ 41. Bxf8 Ne4+ 42. Ke3 Ke6 43. Bg7 Be8 44. Kd4 Nd6 45. g4 Nc4 46. b3 Nd6 47. Bd3 b6 48. Be5 Nf7 49. Bf4 g5 50. Bf5+ Kf6 51. Bc7 Nxh6 52. Bd8+ Kg7 53. Bxg5 Nxf5+ 54. gxf5 Bd7 55. Kxd5 Bxf5 56. Kc6 Bc2 57. Kxb5 Bxb3 58. Kxb6 Kg6 59. Bh4 Kf5 60. Kb5 Kg4 61. Bd8 h5 62. c4 h4 63. Bxh4 Kxh4 64. a4 Kg5 65. a5 Kf6 66. a6 Bc2 67. c5 Be4 68. c6 1-0

[Event "Oberliga Sued W 2223"]
[Site "Germany"]
[Date "2022.12.11"]
[Round "3.1"]
[White "Karsay, Pascal"]
[Black "Leuranguer, Yannick"]
[Result "1-0"]
[WhiteElo "2269"]
[BlackElo "2232"]
[PlyCount "71"]
[EventDate "2022.10.23"]
[EventType "team-tourn"]
[EventRounds "9"]
[EventCountry "GER"]
[SourceTitle "EXT 2025"]
[Source "ChessBase"]
[SourceDate "2024.10.14"]
[SourceVersion "1"]
[SourceVersionDate "2024.10.14"]
[SourceQuality "1"]
[WhiteTeam "Worms"]
[BlackTeam "Landau"]
[WhiteTeamCountry "GER"]
[BlackTeamCountry "GER"]

1. Nf3 Nf6 2. c4 c5 3. Nc3 Nc6 4. e3 e6 5. d4 d5 6. cxd5 exd5 7. Bb5 a6 8. Bxc6+ bxc6 9. 0-0 Be7 10. dxc5 Bxc5 11. b3 0-0 12. Bb2 Bg4 13. Rc1 Bd6 14. Ne2 Rc8 15. Ne5 Qe8 16. Nxg4 Nxg4 17. h3 Ne5 18. e4 Ng6 19. exd5 cxd5 20. Rxc8 Qxc8 21. Qxd5 Rd8 22. Qa5 Re8 23. Qc3 Qxc3 24. Nxc3 Be5 25. Re1 Rc8 26. Na4 Bxb2 27. Nxb2 Rc2 28. Re8+ Nf8 29. Na4 Rxa2 30. Nc5 f6 31. Ra8 Kf7 32. Ra7+ Kg6 33. Rxa6 Rxa6 34. Nxa6 Kf5 35. Kf1 Ne6 36. b4 1-0

[Event "Oberliga Sued W 2223"]
[Site "Germany"]
[Date "2022.11.27"]
[Round "2.1"]
[White "Leuranguer, Yannick"]
[Black "Mayer, Frank"]
[Result "1/2-1/2"]
[WhiteElo "2232"]
[BlackElo "2300"]
[PlyCount "23"]
[EventDate "2022.10.23"]
[EventType "team-tourn"]
[EventRounds "9"]
[EventCountry "GER"]
[SourceTitle "EXT 2025"]
[Source "ChessBase"]
[SourceDate "2024.10.14"]
[SourceVersion "1"]
[SourceVersionDate "2024.10.14"]
[SourceQuality "1"]
[WhiteTeam "Landau"]
[BlackTeam "Illingen Turm"]
[WhiteTeamCountry "GER"]
[BlackTeamCountry "GER"]

1. e4 c5 2. c3 e6 3. d4 d5 4. exd5 exd5 5. Be3 cxd4 6. Bxd4 Nc6 7. Nf3 Nxd4 8. Qxd4 Nf6 9. Bb5+ Bd7 10. Bxd7+ Qxd7 11. 0-0 Be7 12. Nbd2 1/2-1/2

[Event "Oberliga Sued W 1920"]
[Site "Germany"]
[Date "2021.07.18"]
[Round "9.4"]
[White "Leuranguer, Yannick"]
[Black "Tresch, Lukas"]
[Result "1/2-1/2"]
[WhiteElo "2240"]
[BlackElo "2061"]
[PlyCount "75"]
[EventDate "2019.09.29"]
[EventType "team-tourn"]
[EventRounds "9"]
[EventCountry "GER"]
[SourceTitle "EXT 2023"]
[Source "ChessBase"]
[SourceDate "2022.10.05"]
[SourceVersion "1"]
[SourceVersionDate "2022.10.05"]
[SourceQuality "1"]
[WhiteTeam "Landau"]
[BlackTeam "Frankenthal"]
[WhiteTeamCountry "GER"]
[BlackTeamCountry "GER"]

1. e4 e5 2. Nf3 Nc6 3. d4 exd4 4. Nxd4 Nf6 5. Nc3 Bb4 6. Nxc6 bxc6 7. Bd3 d5 8. exd5 cxd5 9. 0-0 0-0 10. Bg5 c6 11. Qf3 Bd6 12. h3 Rb8 13. Rab1 h6 14. Bf4 Be6 15. Ne2 c5 16. c3 Re8 17. Ng3 Rb6 18. Rfe1 Bxf4 19. Qxf4 Qb8 20. Qd2 Qd6 21. Re2 Reb8 22. Nf5 Bxf5 23. Bxf5 R6b7 24. b3 Re7 25. Rxe7 Qxe7 26. Re1 Qf8 27. Qf4 Re8 28. Rd1 Qe7 29. Bd3 Qe5 30. Qxe5 Rxe5 31. Kf1 Kf8 32. Re1 Rxe1+ 33. Kxe1 Ke7 34. Kd2 Kd6 35. Ke3 Ke5 36. f4+ Kd6 37. g4 g5 38. Kf3 1/2-1/2

[Event "Oberliga Sued W 1819"]
[Site "Germany"]
[Date "2019.02.03"]
[Round "6.4"]
[White "Frede, Lennart"]
[Black "Leuranguer, Yannick"]
[Result "1/2-1/2"]
[WhiteElo "2167"]
[BlackElo "2251"]
[PlyCount "66"]
[EventDate "2018.10.21"]
[EventType "team-tourn"]
[EventRounds "9"]
[EventCountry "GER"]
[SourceTitle "EXT 2020"]
[Source "ChessBase"]
[SourceDate "2019.10.17"]
[SourceVersion "1"]
[SourceVersionDate "2019.10.17"]
[SourceQuality "1"]
[WhiteTeam "Gau Algesheim"]
[BlackTeam "Landau"]
[WhiteTeamCountry "GER"]
[BlackTeamCountry "GER"]

1. e4 e6 2. Nf3 d5 3. Nc3 Nf6 4. d3 Be7 5. Be2 0-0 6. 0-0 b6 7. Bf4 Bb7 8. e5 Nfd7 9. d4 Ba6 10. Bxa6 Nxa6 11. Re1 Nab8 12. Qe2 a6 13. Nd1 c5 14. c4 dxc4 15. d5 exd5 16. Ne3 b5 17. Nf5 Nc6 18. e6 Bf6 19. exd7 Qxd7 20. Ng3 g6 21. Rad1 Nb4 22. Be5 Rfe8 23. Qd2 Bxe5 24. Nxe5 Qd6 25. Ng4 Nd3 26. Rxe8+ Rxe8 27. Qg5 Re6 28. Nf5 Qf8 29. Nfh6+ Kg7 30. Nf5+ Kg8 31. Nfh6+ Kg7 32. Qxd5 Qe7 33. h3 f5 1/2-1/2

[Event "Oberliga Sued W 1617"]
[Site "Germany"]
[Date "2016.09.25"]
[Round "1.3"]
[White "Heider, Martin"]
[Black "Leuranguer, Yannick"]
[Result "1-0"]
[WhiteElo "2265"]
[BlackElo "2251"]
[PlyCount "97"]
[EventDate "2016.09.25"]
[EventType "team-tourn"]
[EventRounds "9"]
[EventCountry "GER"]
[SourceTitle "EXT 2018"]
[Source "ChessBase"]
[SourceDate "2017.10.13"]
[SourceVersion "1"]
[SourceVersionDate "2017.10.13"]
[SourceQuality "1"]
[WhiteTeam "Worms"]
[BlackTeam "Landau"]
[WhiteTeamCountry "GER"]
[BlackTeamCountry "GER"]

1. d4 d5 2. c4 Bf5 3. cxd5 Bxb1 4. Qa4+ c6 5. Rxb1 Qxd5 6. e3 Nd7 7. b4 e5 8. Nf3 exd4 9. Qc2 Nb6 10. Nxd4 Nf6 11. f3 Bd6 12. Be2 0-0 13. Nf5 Rfe8 14. e4 Qe6 15. Nxd6 Qxd6 16. 0-0 Rad8 17. Kh1 Qe5 18. Qc5 Qe6 19. Qa5 Nc8 20. Be3 Nd5 21. Bc4 Qe5 22. Bg1 Ndb6 23. Qxe5 Rxe5 24. Bb3 Re7 25. Bf2 Rd2 26. Be3 Rd3 27. Bc5 Red7 28. Rbe1 Rd8 29. Kg1 h6 30. f4 Nd7 31. Bf2 Nf6 32. e5 Nd5 33. e6 fxe6 34. Rxe6 Kh8 35. Rfe1 Nf6 36. g4 Nd6 37. g5 Nd5 38. Bc2 Rd2 39. Rxd6 Rf8 40. Be4 hxg5 41. f5 Rxa2 42. Bxd5 Rd2 43. Re5 cxd5 44. Rexd5 Rb2 45. Rd8 Rxd8 46. Rxd8+ Kh7 47. Rd7 Rxb4 48. f6 a5 49. f7 1-0

[Event "BL2-Sued 1516"]
[Site "Germany"]
[Date "2016.01.17"]
[Round "5.2"]
[White "Leuranguer, Yannick"]
[Black "Lobron, Eric"]
[Result "0-1"]
[WhiteElo "2268"]
[BlackElo "2529"]
[PlyCount "104"]
[EventDate "2015.09.20"]
[EventType "team-tourn"]
[EventRounds "9"]
[EventCountry "GER"]
[SourceTitle "EXT 2017"]
[Source "ChessBase"]
[SourceDate "2016.10.25"]
[SourceVersion "1"]
[SourceVersionDate "2016.10.25"]
[SourceQuality "1"]
[WhiteTeam "Landau"]
[BlackTeam "Schott Mainz"]
[WhiteTeamCountry "GER"]
[BlackTeamCountry "GER"]

1. e4 c5 2. c3 Nf6 3. e5 Nd5 4. d4 cxd4 5. cxd4 d6 6. Nf3 Nc6 7. Bc4 Nb6 8. Bb5 dxe5 9. Nxe5 Bd7 10. Nxd7 Qxd7 11. Nc3 e6 12. 0-0 Be7 13. Qg4 0-0 14. Rd1 Rfd8 15. Bh6 g6 16. Rac1 Rac8 17. h4 a6 18. Bxc6 Rxc6 19. h5 Nd5 20. hxg6 hxg6 21. Bg5 Nxc3 22. Rxc3 Rxc3 23. bxc3 Bxg5 24. Qxg5 Qd5 25. Qf6 Rc8 26. Rd3 Qf5 27. Qxf5 gxf5 28. Kf1 Rc4 29. Ke2 Kf8 30. Kd1 Ra4 31. Rd2 Ra3 32. Rc2 Ke7 33. Kc1 b5 34. Kb2 Ra4 35. Re2 Rc4 36. Kb3 Rc8 37. Rc2 Kd6 38. Re2 f6 39. f3 Kd5 40. Re1 Rg8 41. Re2 e5 42. dxe5 fxe5 43. Rd2+ Kc5 44. Re2 Re8 45. Re3 Re6 46. Re2 e4 47. fxe4 fxe4 48. Re3 Kd5 49. Kc2 Ke5 50. g3 Rh6 51. Kd2 Rh3 52. Ke1 Rh1+ 0-1

[Event "Oberliga Sued W 1314"]
[Site "Germany"]
[Date "2013.11.24"]
[Round "3.2"]
[White "Perske, Thore"]
[Black "Leuranguer, Yannick"]
[Result "1/2-1/2"]
[WhiteElo "2158"]
[BlackElo "2300"]
[PlyCount "50"]
[EventDate "2013.10.13"]
[EventType "team-tourn"]
[EventRounds "9"]
[EventCountry "GER"]
[SourceTitle "EXT 2015"]
[Source "ChessBase"]
[SourceDate "2014.11.20"]
[SourceVersion "1"]
[SourceVersionDate "2014.11.20"]
[SourceQuality "1"]
[WhiteTeam "Heidesheim"]
[BlackTeam "Landau"]
[WhiteTeamCountry "GER"]
[BlackTeamCountry "GER"]

1. e4 e6 2. d4 d5 3. Nd2 c5 4. exd5 exd5 5. Ngf3 Nc6 6. Bb5 Bd6 7. dxc5 Bxc5 8. Nb3 Bd6 9. 0-0 Nge7 10. h3 0-0 11. Nbd4 h6 12. Be3 Bc7 13. Bd3 a6 14. Qd2 Qd6 15. Rfe1 Bd7 16. c3 Rfe8 17. Rad1 Rad8 18. Kf1 Qf6 19. Kg1 Bc8 20. Re2 Na5 21. b3 Nac6 22. Rde1 Bd7 23. Kf1 Qd6 24. Kg1 Qf6 25. Kf1 Qd6 1/2-1/2

[Event "Oberliga Sued W 1112"]
[Site "Germany"]
[Date "2011.12.11"]
[Round "4"]
[White "Leuranguer, Yannick"]
[Black "Frischmann, Rick"]
[Result "1-0"]
[WhiteElo "2297"]
[BlackElo "1968"]
[PlyCount "67"]
[EventDate "2011.09.25"]
[EventType "team-tourn"]
[EventRounds "9"]
[EventCountry "GER"]
[SourceTitle "EXT 2013"]
[Source "ChessBase"]
[SourceDate "2012.11.22"]
[SourceVersion "1"]
[SourceVersionDate "2012.11.22"]
[SourceQuality "1"]
[WhiteTeam "Landau"]
[BlackTeam "Schwarzenbach"]
[WhiteTeamCountry "GER"]
[BlackTeamCountry "GER"]

1. e4 c5 2. c3 Nf6 3. e5 Nd5 4. d4 cxd4 5. cxd4 Nc6 6. Nf3 d6 7. Bc4 Nb6 8. Bb3 dxe5 9. d5 Na5 10. Nc3 Nxb3 11. Qxb3 g6 12. Nxe5 Bg7 13. Bf4 0-0 14. 0-0 e6 15. d6 Qxd6 16. Rad1 Qe7 17. a4 g5 18. Bg3 f5 19. Ng6 hxg6 20. Bd6 Qf7 21. a5 Nd5 22. Nxd5 exd5 23. Bxf8 Bxf8 24. Rfe1 d4 25. Qb5 Bg7 26. Re8+ Kh7 27. Qe2 b6 28. Re7 Qd5 29. Rc1 Bb7 30. f3 d3 31. Rxg7+ Kxg7 32. Rc7+ Kh6 33. Qe7 Qg8 34. h4 1-0

[Event "Oberliga Sued W 1112"]
[Site "Germany"]
[Date "2011.10.23"]
[Round "2"]
[White "Leuranguer, Yannick"]
[Black "Koehler, Patrick"]
[Result "1/2-1/2"]
[WhiteElo "2297"]
[BlackElo "2120"]
[PlyCount "29"]
[EventDate "2011.09.25"]
[EventType "team-tourn"]
[EventRounds "9"]
[EventCountry "GER"]
[SourceTitle "EXT 2013"]
[Source "ChessBase"]
[SourceDate "2012.11.22"]
[SourceVersion "1"]
[SourceVersionDate "2012.11.22"]
[SourceQuality "1"]
[WhiteTeam "Landau"]
[BlackTeam "Mutterstadt"]
[WhiteTeamCountry "GER"]
[BlackTeamCountry "GER"]

1. e4 g6 2. d4 Bg7 3. Nc3 c6 4. Nf3 d6 5. h3 Nf6 6. Bf4 0-0 7. Qd2 Qa5 8. Bd3 Nbd7 9. 0-0 e5 10. Bh6 Re8 11. Bxg7 Kxg7 12. a3 Nf8 13. b4 Qc7 14. Bc4 Be6 15. Bxe6 1/2-1/2

[Event "Oberliga Sued W 0910"]
[Site "Germany"]
[Date "2009.12.13"]
[Round "4.2"]
[White "Leuranguer, Yannick"]
[Black "Bureik, Matthias"]
[Result "1-0"]
[WhiteElo "2265"]
[BlackElo "2177"]
[PlyCount "169"]
[EventDate "2009.10.18"]
[EventType "team-tourn"]
[EventRounds "9"]
[EventCountry "GER"]
[SourceTitle "EXT 2011"]
[Source "ChessBase"]
[SourceDate "2010.11.26"]
[SourceVersion "1"]
[SourceVersionDate "2010.11.26"]
[SourceQuality "1"]
[WhiteTeam "Landau"]
[BlackTeam "Schwarzenbach"]
[WhiteTeamCountry "GER"]
[BlackTeamCountry "GER"]

1. e4 c5 2. c3 d6 3. d4 Nf6 4. Bd3 e5 5. Ne2 g6 6. 0-0 Bg7 7. d5 0-0 8. a4 Nh5 9. f4 Bg4 10. f5 gxf5 11. exf5 Nd7 12. h3 Bxe2 13. Qxe2 Ndf6 14. Re1 Re8 15. Bb5 Rf8 16. g4 Nf4 17. Bxf4 exf4 18. Qf3 a6 19. Bf1 Nd7 20. Qxf4 Qh4 21. Qf2 Bf6 22. Qxh4 Bxh4 23. Re2 b5 24. Nd2 Nf6 25. Ne4 Nxd5 26. Rd2 Ne3 27. axb5 axb5 28. Rb1 b4 29. Rxd6 bxc3 30. Nxc3 Rfd8 31. Rxd8+ Rxd8 32. Ne4 c4 33. Rc1 Rd4 34. Nc5 Rd2 35. Bxc4 Rxb2 36. Ne4 Nxc4 37. Rxc4 h5 38. Nd6 Rb3 39. Kg2 Rg3+ 40. Kh2 Ra3 41. Kg2 Rg3+ 42. Kh2 Ra3 43. Ne4 Ra2+ 44. Kh1 hxg4 45. hxg4 Kg7 46. Rd4 Re2 47. Kg1 Ra2 48. Rd2 Ra4 49. Re2 Bd8 50. Kg2 Bb6 51. g5 Ra5 52. Ng3 Bd8 53. f6+ Bxf6 54. gxf6+ Kxf6 55. Ne4+ Kg6 56. Kf3 Kf5 57. Nd6+ Kf6 58. Kf4 Ra4+ 59. Ne4+ Ke6 60. Rh2 Ra1 61. Rh6+ Ke7 62. Rb6 Ra4 63. Rc6 Kd7 64. Rf6 Ke7 65. Rf5 Ra1 66. Re5+ Kf8 67. Rb5 Kg7 68. Ng3 Ra6 69. Rb8 Ra4+ 70. Kg5 f6+ 71. Kf5 Ra5+ 72. Kf4 Kg6 73. Ne4 Ra4 74. Rb6 Kg7 75. Kf3 Ra3+ 76. Kg4 Ra4 77. Kf4 Rc4 78. Ke3 Ra4 79. Nxf6 Ra3+ 80. Kf4 Ra1 81. Ke5 Re1+ 82. Ne4 Rf1 83. Ng3 Re1+ 84. Kf5 Rf1+ 85. Nxf1 1-0

[Event "Oberliga Sued W 0809"]
[Site "Germany"]
[Date "2008.10.26"]
[Round "2.2"]
[White "Leuranguer, Yannick"]
[Black "Dolezal, Radoslav"]
[Result "1/2-1/2"]
[WhiteElo "2267"]
[BlackElo "2445"]
[PlyCount "39"]
[EventDate "2008.10.05"]
[EventType "team-tourn"]
[EventRounds "11"]
[EventCountry "GER"]
[SourceTitle "EXT 2012"]
[Source "ChessBase"]
[SourceDate "2011.11.24"]
[SourceVersion "1"]
[SourceVersionDate "2011.11.24"]
[SourceQuality "1"]
[WhiteTeam "Landau"]
[BlackTeam "Bann"]
[WhiteTeamCountry "GER"]
[BlackTeamCountry "GER"]

1. e4 e5 2. Nf3 Nc6 3. d4 exd4 4. Nxd4 Nf6 5. Nc3 Bb4 6. Nxc6 bxc6 7. Bd3 d5 8. exd5 cxd5 9. 0-0 0-0 10. Bg5 c6 11. Ne2 h6 12. Bh4 g5 13. Bg3 Ne4 14. c3 Bc5 15. Qa4 Nxg3 16. Nxg3 Qd6 17. Bf5 Re8 18. Rae1 Bxf5 19. Nxf5 Qf6 20. Nd4 1/2-1/2